Statistics for Countries with embassies and consulates in Malawi

Click here to take the quiz!

General Stats

  • This quiz has been taken 22 times
  • The average score is 14 of 16

Answer Stats

Hint Answer % Correct
South AmericaBrazil
100%
EuropeGermany
100%
AsiaIndia
100%
AfricaTanzania
100%
EuropeUnited Kingdom
100%
North AmericaUnited States of America
100%
AsiaChina
95%
AfricaSouth Africa
95%
AfricaZambia
95%
AfricaZimbabwe
95%
AsiaJapan
90%
AfricaEgypt
86%
AfricaMozambique
86%
EuropeIreland
76%
EuropeNorway
48%
EuropeIceland
38%

Score Distribution

Percentile by Number Answered

Percent of People with Each Score

Your Score History

You have not taken this quiz